000 00311 a2200109 4500
001 ART_54460
005 20260410161811.0
008 260409a
245 1 0 _aParidad de género
100 1 _aCamerini, Marcelo A.
773 0 _tDoctrina Societaria y Concursal
_g- N° 407 (oct. 2021)
_wREV4298
999 _c21453
_d21453